000 00327nam a22001457a 4500
003 OSt
005 20211223094457.0
008 211223b |||||||| |||| 00| 0 eng d
020 _a0789728443
040 _cHU
082 _24th
_a004.5BRO2003
100 _aBrooks
_924515
245 _aA+ Exams 220-221
942 _2ddc
_cBOOKS
_n0
999 _c23623
_d23623